Studies on composition operators : proceedings of the Rocky Mountain Mathematics Consortium, July 8-19, 1996, University of Wyoming
Αποθηκεύτηκε σε:
| Συγγραφή απο Οργανισμό/Αρχή: | |
|---|---|
| Άλλοι συγγραφείς: | |
| Μορφή: | Βιβλίο |
| Γλώσσα: | English |
| Δημοσίευση: |
Providence, R.I. :
American Mathematical Society,
c1998
|
| Σειρά: | Contemporary mathematics (American Mathematical Society) ;
; 213 |
| Θέματα: | |
| Ετικέτες: |
Προσθήκη ετικέτας
Δεν υπάρχουν, Καταχωρήστε ετικέτα πρώτοι!
|
MARC
| LEADER | 00000nam a2200000 i 4500 | ||
|---|---|---|---|
| 001 | 1/90729 | ||
| 008 | 991001s1998 eng d | ||
| 020 | |a 0-8218-0768-4 | ||
| 035 | |l 10053237 | ||
| 040 | |a GR-MY-UA |b gre |e aacr | ||
| 041 | 0 | |a eng | |
| 082 | 0 | |a 515.723 | |
| 245 | 1 | 0 | |a Studies on composition operators : |b proceedings of the Rocky Mountain Mathematics Consortium, July 8-19, 1996, University of Wyoming / |c Farhad Jafari ... [et al.], editors |
| 260 | |a Providence, R.I. : |b American Mathematical Society, |c c1998 | ||
| 300 | |a ix, 252 p.; |b ill.; |c 26 cm. | ||
| 490 | 1 | |a Contemporary mathematics |v ; 213 | |
| 500 | |a Includes bibliographical references | ||
| 650 | 0 | 0 | |a Composition operators |x Congresses. |
| 700 | 1 | |a Jafari, Farhad |d 1956- |4 edt | |
| 710 | 2 | |a Rocky Mountain Mathematics Consortium. | |
| 830 | 0 | |a Contemporary mathematics (American Mathematical Society) ; |v ; 213 | |
| 852 | |a INST |b SAMOS |e 19991001 |h 515.723 STU |p 005300012485 |q 005300012485 |t BK |y 0 | ||
| 901 | |a BIBL3-1999-3 | ||
| 909 | |a Σ |b 063271 | ||
| 922 | |a 3ΕΛΗ |b 199907 |c ΕΠΕΑΕΚ/ΜΑΘ |d ΠΑΠΑΣΩΤΗΡΙΟΥ | ||
| 970 | |a ΠΟΥΡΝΑΡΑΣ |b ΔΗΜΗΤΡΗΣ |z 1999/10/01 | ||